Alle Werke William Shakespeares - Statistiken

Allgemein
  • Dieses Quiz wurde 112 mal gespielt
  • Das Durchschnittsergebnis liegt bei 9 aus 34
Antwortstatistiken
Antwort % Korrekt
Hamlet
93%
Romeo und Julia
88%
Othello
62%
Ein Sommernachtstraum
57%
MacBeth
56%
Richard II.
50%
König Lear
47%
Richard III.
45%
Der Kaufmann von Venedig
35%
Viel Lärm um Nichts
35%
Heinrich V.
31%
Was ihr wollt
29%
Wie es euch gefällt
28%
Julius Cäsar
27%
Der Sturm
24%
Heinrich VIII.
21%
Der Widerspenstigen Zähmung
17%
Die lustigen Weiber von Windsor
16%
Troilus und Cressida
12%
Antonius und Kleopatra
11%
Ende gut, alles gut
11%
Ein Wintermärchen
10%
Coriolanus
7%
Maß für Maß
7%
Titus Andronicus
7%
Die Komödie der Irrungen
6%
Timon von Athen
5%
Zwei Herren aus Verona
5%
Cymbeline
4%
Verlorene Liebesmüh
4%
König Johann
3%
Perikles, Prinz von Tyrus
1%
Heinrich IV. 1-2
0%
Heinrich VI. 1-3
0%
Keine übereinstimmenden Quizze gefunden
Verteilung der Resultate
Anzahl Personen mit jedem Resultat
Perzentil nach korrekt beantworteten Fragen
Ihre Resultats-Entwicklung
Sie haben dieses Quiz noch nicht gespielt